| 000 | 00829pam a2200265 a 4500 | ||
|---|---|---|---|
| 999 |
_c5328 _d5328 |
||
| 003 | OSt | ||
| 005 | 20220407101907.0 | ||
| 008 | 821108s1983 ctua b 001 0 eng | ||
| 020 | _a083857033X (pbk.) | ||
| 040 | _cALUPE UNIVERSITY COLEGE | ||
| 050 | 1 | 0 |
_aRT41 _b.Y87 1983 |
| 060 | _aWY 100 Y95n | ||
| 100 | 1 |
_aPetro-Yura, Helen, _d1929- |
|
| 245 | 1 | 4 |
_aThe nursing process : _bassessing, planning, implementing, evaluating / _cHelen Yura, Mary B. Walsh. |
| 250 | _a4th ed. | ||
| 260 |
_aNorwalk, Conn. : _bAppleton-Century-Crofts, _cc1983. |
||
| 300 |
_axviii, 364 p. : _bill. ; _c23 cm. |
||
| 500 | _aIncludes index. | ||
| 504 | _aBibliography: p. 331-352. | ||
| 650 | 0 | _aNursing. | |
| 650 | 2 | _aNursing process. | |
| 700 | 1 | _aWalsh, Mary B. | |
| 906 |
_a7 _bcbc _corignew _d1 _eocip _f19 _gy-gencatlg |
||
| 942 |
_2lcc _cBK _nPW |
||